|
|
|
|
| LEADER |
00000nam a22000007a 4500 |
| 005 |
20220921012524.0 |
| 007 |
cr|||| |||| |
| 008 |
220921s2022 cl |||||s|||| 00||0 spa d |
| 035 |
|
|
|a 37290
|
| 040 |
|
|
|a vLex
|
| 090 |
|
|
|c 14011
|d 14011
|
| 100 |
1 |
|
|a Chv̀ez Chv̀ez, Eric Andrš
|
| 245 |
1 |
0 |
|a Derecho de Alimentos
|h [Recurso electrn̤ico] :
|b Incluye modificaciones de la Ley 21.264, 21.389, 21.400 y 21.484 /
|c Eric Andrš Chv̀ez Chv̀ez
|
| 250 |
|
|
|a Sexta Edicin̤
|
| 256 |
|
|
|a Servicio en ln̕ea
|
| 260 |
|
|
|a Barcelona:
|b Editorial vLex,
|c 2022
|
| 300 |
|
|
|a 1 recurso electrn̤ico
|
| 506 |
1 |
|
|a Disponible solo en los productos indicados
|d vLex Global
|d vLex Global (Academic Edition, excluding Law Schools)
|d vLex Global (U.S. Academic Edition, Law Schools)
|d vLex Global (U.S. Academic Edition, excluding Law Schools)
|d vLex Global (Academic Edition, Law Schools)
|
| 650 |
0 |
4 |
|a Derecho Civil
|z Chile
|
| 740 |
0 |
|
|a vLex Libros (Servicio en ln̕ea)
|
| 856 |
4 |
0 |
|u https://app.vlex.com/#/sources/37290
|z Acceso restringido
|
| 942 |
|
|
|c BOOK
|
| 999 |
0 |
|
|a Civil Law
|